000 00901cam a2200241 i 4500
003 SA-RiAUC
005 20250519091331.0
008 250515s1992 su g 00000 ara c
040 _aSA-RiKSU
_bara
_cSA-RiAUC
_erda
082 0 4 _a212
090 _a212
_b ع ط ا
100 1 _aعطار، أحمد بن عبد الغفور بن محمد نور،
_d1337-1411 هجري
_eمؤلف.
245 1 2 _aالتربية /
_cتأليف أحمد عبد الغفور عطار.
250 _aالطبعة الأولى.
264 1 _aمكة المكرمة :
_bأحمد عبد الغفور عطار،
_c1992
300 _a271 صفحة ؛
_c24 سم
336 _aنص
_btxt
_2rdacontent
_3كتاب
337 _aبدون وسيط
_bn
_2rdamedia
338 _aمجلد
_bnc
_2rdacarrier
650 7 _aالتربية الإسلامية
_2aucsh
942 _2ddc
_cBOOK
_n0
949 _aSA-JeALM
_d250515
_umohamedma123
_n1
999 _c8085
_d8085